000 00281nam a22001337a 4500
008 170809b xxu||||| |||| 00| 0 eng d
020 _a9780077331399
041 _aeng
080 _a004
100 _a35
101 _aSHKI
245 _aCOMPUTING
_cOLEARY, T.J
942 _2udc
_cBK
999 _c23047
_d23047